000 01305nam a2200373Ia 4500
001 dia_5548
003 CHAP
005 20240201132731.0
007 ta
008 220117s1993 mx d fr 001 0 spa d
040 _cCHAP
_amxchpua
090 _aT.C.160
_bE87 SAI
_c1993
245 1 0 _aBeneficio de tabaco y beneficio húmedo de café /
_ccoordinador Teodoro Espinosa Solares ; colaboradores Miguel Ángel Barrios Rosillo...[et al.]
260 _aMéxico :
_bEl autor,
_c1993
300 _a19 hojas :
_bgráficas, tablas
336 _2rdacontent
_atexto
_btxt
337 _2rdamedia
_asin medio
_bn
338 _2rdacarrier
_avolumen
_bnc
500 _a6° año
502 _aViaje de Estudios
_b(SAI) --
_cUACh. Departamento de Ingeniería Agroindustrial,
_d1993
650 1 3 _aCafé
_9158943
_zMéxico
_zNayarit
650 1 3 _aTabaco
_9158945
_zMéxico
_zNayarit
650 1 3 _aCoffee
_9158944
_zMexico
_zNayarit
650 1 3 _aTobacco
_9158946
_zMexico
_zNayarit
700 1 _aEspinosa Solares, Teodoro
_9153069
_ecoordinador
700 1 _aBarrios Rosillo, Miguel Ángel
_9158947
_ecolaborador
901 _aT.C.160 E87 SAI 1993
902 _aM
905 _a5332271993 mx ig 8223123322spa16
942 _2local
942 _cVE
999 _c176489
_d176489